000 00524nam a2200217 a 4500
001 0001-2106
003 ELIB.Books
008 190723 2010 eng
020 _a091664233X
092 _a783
_bAg
100 _aYoung, Carlton R.
245 _aHymnal Supplement II
260 _aIllinois
_bAgape
_c1987
300 _a100
_c21.5cm
650 _aHymns
856 _nKBTS Library
_uKBTS Elib
942 _2ddc
_cBK
990 _a1
998 _aEnglishbooks.elf
_ccat
_e2019-07-23
999 _c12106
_d12106